00361nam a2200145Ia 4500008004100000020001800041041000800059082001700067100001500084245003900099250000600138260004100144300001200185650001800197210716s2019 xx 000 0 und d a9789389520620 aeng a516.362 DUBK aDube, K K. aDifferential geometry and tensors. a1 aNew DelhibWiley India Pvt Ltdc2019 axii,370 aGeometry(516)